Manual Of Obstetrics/ (Record no. 207410)

MARC details
000 -LEADER
fixed length control field 00705nam a22002177a 4500
005 - DATE AND TIME OF LATEST TRANSACTION
control field 20241204160406.0
010 ## - LCCN (DPL NO)
LC control number ENG-142841
020 ## - INTERNATIONAL STANDARD BOOK NUMBER
International Standard Book Number 9788131225561
Terms of availability 945.00
035 ## - SYSTEM CONTROL NUMBER
System control number EN-126373
037 ## - SOURCE OF ACQUISITION
Source of stock number/acquisition DBAD
082 ## - DEWEY DECIMAL CLASSIFICATION NUMBER
Edition number 3
Classification number 636
100 ## - MAIN ENTRY--PERSONAL NAME
Personal name Daftary, Shirish N
245 ## - TITLE STATEMENT
Title Manual Of Obstetrics/
Statement of responsibility, etc By Shirish N Daftary [and] Sudip Chakravarti
250 ## - EDITION STATEMENT
Edition statement 3
260 ## - PUBLICATION, DISTRIBUTION, ETC. (IMPRINT)
Place of publication, distribution, etc New Delhi
Name of publisher, distributor, etc Reed Elsevier India Private Limited.
Date of publication, distribution, etc 2011
270 ## - ADDRESS
Address 622, Indraprakash Building, 21 Barakhamba Road,
City New Delhi
Postal code 110001
300 ## - PHYSICAL DESCRIPTION
Extent 621p.
Other physical details ill., col.
Dimensions 28cm(Pb)
500 ## - GENERAL NOTE
General note References,Index
700 ## - ADDED ENTRY--PERSONAL NAME
Personal name Chakravarti, Sudip
Relator term Author
9 (RLIN) 74701
942 ## - ADDED ENTRY ELEMENTS (KOHA)
Source of classification or shelving scheme Dewey Decimal Classification
Item type English Books
Edition 3
Classification part 636
Call number suffix DAF
Holdings
Withdrawn status Lost status Not for loan Collection code Home library Current library Date acquired Source of acquisition Cost, normal purchase price Full call number Barcode Copy number Cost, replacement price Koha item type
      Non-fiction Sarojini Nagar Sarojini Nagar 04/12/2024 Delivery of Books Act Division 945.00 636 DAF EN-126373 1 945.00 English Books

© Delhi Public Library
Hit Counter
free hit counter